[Event "7. Wunsiedel Schach-Festival Meisterturn"]
[Site "Wunsiedel"]
[Date "2013.05.11"]
[Round "6.17"]
[White "Troyke, Christian"]
[Black "Pokrupa, Marek"]
[Result "1/2-1/2"]
[WhiteElo "2326"]
[BlackElo "2160"]
[PlyCount "36"]
[EventDate "2013.05.09"]

1. g3 d5 2. Nf3 Nf6 3. Bg2 g6 4. d4 Bg7 5. O-O O-O 6. c4 c6 7. cxd5 cxd5 8. Nc3
Ne4 9. Nxe4 dxe4 10. Ne5 Nd7 11. Nxd7 Qxd7 12. e3 f5 13. Bd2 Qb5 14. Bc3 Be6
15. Qd2 Rac8 16. Rfc1 Rfd8 17. b3 Qd7 18. Bb4 Bf6 1/2-1/2

[Event "7. Wunsiedel Schach-Festival Meisterturn"]
[Site "Wunsiedel"]
[Date "2013.05.11"]
[Round "6.18"]
[White "Holm, Sejer"]
[Black "Meyer, Peter"]
[Result "1-0"]
[WhiteElo "2244"]
[BlackElo "2097"]
[PlyCount "87"]
[EventDate "2013.05.09"]

1. d4 d5 2. Nf3 Nc6 3. Bf4 Bg4 4. h3 Bh5 5. e3 e6 6. Be2 Bd6 7. Nc3 a6 8. a3
Bxf4 9. exf4 Bxf3 10. Bxf3 Qf6 11. Ne2 Nge7 12. c3 Ng6 13. g3 h5 14. h4 Nge7
15. Nc1 g6 16. Nd3 O-O 17. O-O Rfd8 18. Re1 Nf5 19. Bg2 Nd6 20. Ne5 Ne7 21. Bf1
Nef5 22. Bd3 c6 23. a4 Qe7 24. Kg2 Kg7 25. Bc2 Qc7 26. Nd3 b6 27. Qe2 a5 28.
Ne5 Ra7 29. Nf3 c5 30. Rad1 c4 31. Ng5 Qd7 32. f3 Qe7 33. g4 Nh6 34. Qe5+ Qf6
35. Kg3 Qxe5 36. fxe5 Nc8 37. gxh5 gxh5 38. Kf4 Ng8 39. Rg1 Kh6 40. Rd2 Rf8 41.
Rdg2 Nge7 42. Nh7 Rh8 43. Nf6 Ra8 44. Rg5 1-0

[Event "7. Wunsiedel Schach-Festival Meisterturn"]
[Site "Wunsiedel"]
[Date "2013.05.11"]
[Round "6.19"]
[White "Mihok, Laszlo"]
[Black "Bartsch, Berthold"]
[Result "1/2-1/2"]
[WhiteElo "2151"]
[BlackElo "2257"]
[PlyCount "81"]
[EventDate "2013.05.09"]

1. d4 Nf6 2. c4 e5 3. dxe5 Ng4 4. Bf4 Nc6 5. Nf3 Bb4+ 6. Nbd2 Qe7 7. a3 Ngxe5
8. Nxe5 Nxe5 9. e3 Bxd2+ 10. Qxd2 d6 11. c5 O-O 12. cxd6 cxd6 13. Be2 Rd8 14.
O-O d5 15. Rfd1 f6 16. Rac1 Be6 17. Qa5 b6 18. Qc3 Rac8 19. Qd4 Nc6 20. Qa4 Ne5
21. Ba6 Rc5 22. b4 Rxc1 23. Rxc1 d4 24. exd4 Rxd4 25. Be3 Rd8 26. h3 Qf7 27.
Qc2 Qd7 28. Qc7 Qxc7 29. Rxc7 Rd7 30. Rxd7 Bxd7 31. f4 Nc6 32. Bd3 Kf7 33. Kf2
g6 34. Kf3 f5 35. g4 Ne7 36. b5 Ke6 37. Bc4+ Kd6 38. Bd4 Nd5 39. a4 Be6 40. Be2
Ne7 41. Bd1 1/2-1/2

[Event "7. Wunsiedel Schach-Festival Meisterturn"]
[Site "Wunsiedel"]
[Date "2013.05.12"]
[Round "7.1"]
[White "Miezis, Normunds"]
[Black "Buhmann, Rainer"]
[Result "1/2-1/2"]
[WhiteElo "2543"]
[BlackElo "2578"]
[PlyCount "23"]
[EventDate "2013.05.09"]

1. c4 c6 2. e4 d5 3. exd5 cxd5 4. cxd5 Nf6 5. Nc3 Nxd5 6. Nf3 Nc6 7. d4 Bg4 8.
Be2 e6 9. O-O Be7 10. h3 Bh5 11. Qb3 Qb6 12. Qxb6 1/2-1/2

[Event "7. Wunsiedel Schach-Festival Meisterturn"]
[Site "Wunsiedel"]
[Date "2013.05.12"]
[Round "7.2"]
[White "Sumets, Andrey"]
[Black "Del Rio De Angelis, S."]
[Result "1/2-1/2"]
[WhiteElo "2590"]
[BlackElo "2484"]
[PlyCount "101"]
[EventDate "2013.05.09"]

1. d4 d6 2. Nf3 g6 3. e4 Nf6 4. Bd3 Bg7 5. O-O O-O 6. h3 Nbd7 7. Re1 e5 8. c3
b6 9. Bg5 Bb7 10. Nbd2 Qe8 11. a4 a6 12. Qc2 h6 13. Be3 Qe7 14. a5 b5 15. c4
exd4 16. Bxd4 b4 17. e5 dxe5 18. c5 Qe6 19. Bxe5 Nxe5 20. Nxe5 Rae8 21. c6 Bc8
22. Ndf3 b3 23. Qd1 Qd6 24. Qxb3 Nd5 25. Bc4 Bxe5 26. Bxd5 Kg7 27. Nxe5 Rxe5
28. Qc3 f6 29. Rxe5 fxe5 30. Bf3 Rf4 31. Re1 Kf6 32. g3 Rd4 33. Bg2 g5 34. Qf3+
Kg7 35. Qe3 Kf6 36. h4 Bg4 37. hxg5+ hxg5 38. Bf1 Rd5 39. Qc3 Qc5 40. Bc4 Rd4
41. b3 Qxc6 42. f4 gxf4 43. gxf4 Qc5 44. fxe5+ Ke7 45. Qe3 Be6 46. Qg5+ Kd7 47.
Bxe6+ Kxe6 48. Kh1 Qd5+ 49. Kg1 Qc5 50. Kh1 Qd5+ 51. Kg1 1/2-1/2

[Event "7. Wunsiedel Schach-Festival Meisterturn"]
[Site "Wunsiedel"]
[Date "2013.05.12"]
[Round "7.3"]
[White "Wegerle, Jörg"]
[Black "Peralta, Fernando"]
[Result "1/2-1/2"]
[WhiteElo "2435"]
[BlackElo "2626"]
[PlyCount "82"]
[EventDate "2013.05.09"]

1. d4 Nf6 2. Nf3 d5 3. Bf4 c5 4. e3 Nc6 5. c3 Qb6 6. Qb3 c4 7. Qc2 Bf5 8. Qc1
h6 9. h3 e6 10. Nbd2 Be7 11. Be2 O-O 12. O-O Rfc8 13. Bd1 Qd8 14. Bc2 b5 15.
Bxf5 exf5 16. Ne5 Nxe5 17. Bxe5 Bd6 18. Qc2 Ne4 19. Nxe4 fxe4 20. f3 exf3 21.
Rxf3 Bxe5 22. dxe5 Qe7 23. Rd1 Rd8 24. Qf5 a5 25. Rf2 Qe6 26. Qf3 Qxe5 27.
Qxf7+ Kh8 28. Qf4 Re8 29. Rfd2 Rad8 30. Qxe5 Rxe5 31. e4 Rxe4 32. Rxd5 Re1+ 33.
Rxe1 Rxd5 34. Kf2 Kg8 35. Re4 Kf7 36. Ke2 a4 37. a3 h5 38. g3 g5 39. g4 hxg4
40. hxg4 Kf6 41. Re3 Re5 1/2-1/2

[Event "7. Wunsiedel Schach-Festival Meisterturn"]
[Site "Wunsiedel"]
[Date "2013.05.12"]
[Round "7.4"]
[White "Chatalbashev, Boris"]
[Black "Lampert, Jonas"]
[Result "1-0"]
[WhiteElo "2553"]
[BlackElo "2333"]
[PlyCount "105"]
[EventDate "2013.05.09"]

1. Nf3 d5 2. g3 Nf6 3. Bg2 c5 4. O-O Nc6 5. d4 e6 6. c4 dxc4 7. Qa4 Bd7 8. dxc5
Na5 9. Qa3 Rc8 10. b4 cxb3 11. axb3 Rxc5 12. Qb2 Nc6 13. Nbd2 Be7 14. Nc4 O-O
15. Be3 Rb5 16. Nd4 Nxd4 17. Bxd4 Bc6 18. Bxc6 bxc6 19. Rxa7 Bc5 20. Bxc5 Rxc5
21. Rfa1 Qb8 22. Qa3 Rd5 23. Ra8 Rd1+ 24. Rxd1 Qxa8 25. Qxa8 Rxa8 26. Na5 c5
27. Nb7 Ne4 28. Rc1 Rb8 29. Nxc5 Nxc5 30. Rxc5 Kf8 31. Rc3 Ra8 32. f4 Ra2 33.
Kf2 Ke7 34. Rc7+ Kf6 35. Kf3 Rb2 36. Rb7 g5 37. h4 gxh4 38. gxh4 Kg6 39. Rb5 f5
40. Rb6 Kh5 41. b4 Rb3+ 42. e3 Rb2 43. b5 Rb3 44. Rxe6 Rxb5 45. Re5 Rb3 46.
Rxf5+ Kxh4 47. Rg5 Ra3 48. Rg7 h6 49. Rg1 Kh5 50. f5 Ra4 51. e4 Ra3+ 52. Kf4
Ra4 53. Rh1# 1-0

[Event "7. Wunsiedel Schach-Festival Meisterturn"]
[Site "Wunsiedel"]
[Date "2013.05.12"]
[Round "7.5"]
[White "Pap, Misa"]
[Black "Mihok, Oliver"]
[Result "0-1"]
[WhiteElo "2476"]
[BlackElo "2446"]
[PlyCount "96"]
[EventDate "2013.05.09"]

1. e4 e5 2. Nf3 Nc6 3. Bb5 a6 4. Ba4 Nf6 5. O-O Be7 6. Re1 b5 7. Bb3 d6 8. c3
O-O 9. h3 Na5 10. Bc2 c5 11. d3 Nd7 12. Nbd2 Nb6 13. Nf1 Re8 14. Ng3 g6 15. Nh2
Nc6 16. Ng4 Bg5 17. Bb3 Bxg4 18. Qxg4 Bxc1 19. Raxc1 Na5 20. f4 exf4 21. Qxf4
c4 22. dxc4 bxc4 23. Bc2 Nc6 24. Rcd1 Ne5 25. Rd4 Re6 26. Red1 Qf8 27. Nf1 Nbd7
28. Ne3 Rb8 29. b3 cxb3 30. Bxb3 Rf6 31. Qg3 Nc5 32. Bd5 Kh8 33. Nc4 Qe7 34.
Ne3 Qa7 35. Kh2 Rb2 36. Rb4 Re2 37. Ng4 Nxg4+ 38. Qxg4 Rff2 39. e5 dxe5 40.
Qc8+ Kg7 41. Rb8 Qe7 42. Kh1 e4 43. Rg1 Qd6 44. Bc4 Re3 45. Rgb1 Nd7 46. Qh8+
Kh6 47. Rg8 Rxh3+ 48. Kg1 Rxg2+ 0-1

[Event "7. Wunsiedel Schach-Festival Meisterturn"]
[Site "Wunsiedel"]
[Date "2013.05.12"]
[Round "7.6"]
[White "Kunin, Vitaly"]
[Black "Singer, Christoph"]
[Result "1-0"]
[WhiteElo "2503"]
[BlackElo "2349"]
[PlyCount "97"]
[EventDate "2013.05.09"]

1. d4 d5 2. Nf3 Nf6 3. c4 e6 4. g3 dxc4 5. Bg2 Nc6 6. O-O Rb8 7. Nc3 b5 8. Ne5
Nxe5 9. dxe5 Nd7 10. Bc6 a6 11. Qd4 Rb6 12. Qe4 Bc5 13. Rd1 O-O 14. Bf4 Qe7 15.
Qg2 Bxf2+ 16. Kxf2 Qc5+ 17. Be3 Qxc6 18. Bxb6 Qxb6+ 19. Kf1 Nxe5 20. Qe4 Nc6
21. Rd2 Bb7 22. Qf4 Nb4 23. Qf2 Nd5 24. Qxb6 cxb6 25. a3 f5 26. Kf2 Kf7 27.
Rad1 Ke7 28. Rd4 Rc8 29. e4 fxe4 30. Nxe4 h6 31. Ke2 Rc7 32. Nc3 Nxc3+ 33. bxc3
Bd5 34. Rf1 Kd6 35. Rdf4 e5 36. Rf8 a5 37. Rd1 Rd7 38. Ke3 Kc5 39. Rc8+ Kd6 40.
Re8 b4 41. cxb4 axb4 42. axb4 Kc6 43. Rxe5 Rd6 44. Rd4 Rd7 45. Kd2 Rd6 46. Kc3
Rd7 47. h4 Rd6 48. g4 Rd7 49. g5 1-0

[Event "7. Wunsiedel Schach-Festival Meisterturn"]
[Site "Wunsiedel"]
[Date "2013.05.12"]
[Round "7.7"]
[White "Seyb, Alexander"]
[Black "Maiwald, Jens-Uwe"]
[Result "1/2-1/2"]
[WhiteElo "2340"]
[BlackElo "2466"]
[PlyCount "76"]
[EventDate "2013.05.09"]

1. d4 Nf6 2. c4 c5 3. d5 d6 4. Nc3 g6 5. g3 Bg7 6. Bg2 O-O 7. Nf3 e6 8. O-O
exd5 9. cxd5 a6 10. a4 Re8 11. Nd2 Nbd7 12. h3 Rb8 13. Nc4 Nb6 14. Na3 Bd7 15.
a5 Nc8 16. Nc4 Bb5 17. Qb3 Bxc4 18. Qxc4 Nd7 19. Ra3 b5 20. axb6 Ncxb6 21. Qa2
c4 22. Rxa6 Nc5 23. Ra7 Nb3 24. Bf4 g5 25. Be3 h6 26. Qb1 Nc8 27. Ra6 Rxe3 28.
fxe3 Nd2 29. Qa2 Nxf1 30. Kxf1 Bxc3 31. bxc3 Qf6+ 32. Bf3 Ne7 33. Qxc4 Nf5 34.
Qd3 Nxg3+ 35. Ke1 Nf5 36. Be4 Ng3 37. Bf3 Nf5 38. Be4 Ng3 1/2-1/2

[Event "7. Wunsiedel Schach-Festival Meisterturn"]
[Site "Wunsiedel"]
[Date "2013.05.12"]
[Round "7.9"]
[White "Tischbierek, Raj"]
[Black "Holm, Sejer"]
[Result "0-1"]
[WhiteElo "2433"]
[BlackElo "2244"]
[PlyCount "66"]
[EventDate "2013.05.09"]

1. g3 Nf6 2. Bg2 d5 3. d3 e5 4. Nf3 Nc6 5. O-O Be7 6. c3 O-O 7. b4 a6 8. Nbd2
h6 9. e4 dxe4 10. dxe4 Qd3 11. Bb2 Nxe4 12. Nxe4 Qxe4 13. Nd4 Qg6 14. Nxc6 bxc6
15. Qe2 Qe6 16. Rfe1 Bf6 17. a3 Rb8 18. Qe3 Qb3 19. Bc1 e4 20. Bxe4 Qxc3 21.
Rb1 Rd8 22. Qe2 Bg4 23. f3 Bd4+ 24. Kg2 f5 25. fxg4 fxe4 26. Bf4 Bb6 27. Qxe4
Rf8 28. Rbc1 Qxa3 29. Rxc6 Rbe8 30. Qd5+ Kh8 31. Be5 Rxe5 32. Qxe5 Qf3+ 33. Kh3
Qxc6 0-1

[Event "7. Wunsiedel Schach-Festival Meisterturn"]
[Site "Wunsiedel"]
[Date "2013.05.12"]
[Round "7.10"]
[White "Hahn, Markus"]
[Black "Plat, Vojtech"]
[Result "0-1"]
[WhiteElo "2225"]
[BlackElo "2455"]
[PlyCount "80"]
[EventDate "2013.05.09"]

1. d4 d6 2. Nf3 Nd7 3. c4 Ngf6 4. Nc3 e5 5. g3 Be7 6. Bg2 c6 7. e4 O-O 8. O-O
a5 9. h3 Re8 10. Be3 Bf8 11. Qc2 Qc7 12. Rad1 b6 13. b3 b5 14. dxe5 dxe5 15.
cxb5 cxb5 16. Qd2 Ba6 17. Nd5 Qb7 18. Nh4 b4 19. Rfe1 Rac8 20. Bg5 Nxd5 21.
exd5 Nc5 22. Nf5 Qd7 23. g4 f6 24. Be3 Nd3 25. Rf1 e4 26. f3 Qxd5 27. fxe4 Qe5
28. Bd4 Bc5 29. Qe3 Bxd4 30. Nxd4 Nb2 31. Rd2 Rc3 32. Qf4 Bxf1 33. Qxf1 Rd8 34.
Qf2 Rd3 35. Rxb2 Qxd4 36. e5 fxe5 37. Re2 Rd1+ 38. Kh2 Qxf2 39. Rxf2 R1d2 40.
Rf5 Rxa2 0-1

[Event "7. Wunsiedel Schach-Festival Meisterturn"]
[Site "Wunsiedel"]
[Date "2013.05.12"]
[Round "7.11"]
[White "Cech, Pavel"]
[Black "Schulz, Karsten"]
[Result "1/2-1/2"]
[WhiteElo "2395"]
[BlackElo "2298"]
[PlyCount "41"]
[EventDate "2013.05.09"]

1. d4 Nf6 2. Bg5 e6 3. e4 h6 4. Bxf6 Qxf6 5. Nc3 Bb4 6. Qd2 b6 7. a3 Bxc3 8.
Qxc3 c5 9. Ne2 Bb7 10. dxc5 Qxc3+ 11. Nxc3 bxc5 12. Nb5 Kd8 13. Nd6 Kc7 14.
O-O-O a6 15. g3 Ra7 16. Bg2 Nc6 17. Nxb7 Rxb7 18. e5 Rb6 19. Bxc6 Rxc6 20. Rd3
d5 21. exd6+ 1/2-1/2

[Event "7. Wunsiedel Schach-Festival Meisterturn"]
[Site "Wunsiedel"]
[Date "2013.05.12"]
[Round "7.12"]
[White "Klek, Hanna Marie"]
[Black "Grandadam, Nicolas"]
[Result "1/2-1/2"]
[WhiteElo "2267"]
[BlackElo "2338"]
[PlyCount "69"]
[EventDate "2013.05.09"]

1. e4 c5 2. d4 cxd4 3. c3 d5 4. exd5 Nf6 5. Qa4+ Nbd7 6. Qxd4 Nb6 7. c4 e6 8.
Nc3 exd5 9. c5 Nbd7 10. b4 a5 11. Bb5 axb4 12. Nxd5 Nxd5 13. Qxd5 Qf6 14. Bb2
Qxb2 15. Rd1 Be7 16. Bxd7+ Bxd7 17. Qxd7+ Kf8 18. Qxb7 Re8 19. Ne2 Bxc5 20. Qb5
Ba7 21. h4 h5 22. Rh3 Rh6 23. Rb3 Qxa2 24. Qxb4+ Kg8 25. Rb2 Qa6 26. Qb5 Qxb5
27. Rxb5 Rf6 28. f3 Rfe6 29. Rd2 g6 30. Ra2 Be3 31. Kf1 Rc6 32. g3 Rd8 33. Kg2
Rc7 34. Rb3 Bh6 35. f4 1/2-1/2

[Event "7. Wunsiedel Schach-Festival Meisterturn"]
[Site "Wunsiedel"]
[Date "2013.05.12"]
[Round "7.13"]
[White "Schröder, Jan-Christian"]
[Black "Löw, Gerald"]
[Result "1-0"]
[WhiteElo "2322"]
[BlackElo "2217"]
[PlyCount "115"]
[EventDate "2013.05.09"]

1. e4 c5 2. Nf3 Nc6 3. d4 cxd4 4. Nxd4 g6 5. Nc3 Bg7 6. Be3 Nf6 7. Bc4 O-O 8.
Bb3 Qa5 9. O-O Nxd4 10. Bxd4 d6 11. a4 Bd7 12. Re1 Bc6 13. Nd5 Nd7 14. c3 e6
15. Bxg7 Kxg7 16. Qd4+ Kg8 17. Ne3 Qb6 18. Bc2 Qxd4 19. cxd4 Nb6 20. b3 d5 21.
e5 Nd7 22. f4 b5 23. axb5 Bxb5 24. Ra3 Rfc8 25. Rea1 Rc3 26. Kf2 Rac8 27. Rxa7
Rxc2+ 28. Nxc2 Rxc2+ 29. Kg1 Bd3 30. R7a2 Kf8 31. Rxc2 Bxc2 32. Ra3 h5 33. Kf2
Bd3 34. Ke3 Bf1 35. g3 Ke7 36. Ra7 Kd8 37. Kd2 Bb5 38. Ra8+ Ke7 39. Kc3 Bc6 40.
Rc8 Bb7 41. Rc7 Ba6 42. Kb4 Kd8 43. Rc1 Bd3 44. Ra1 Be2 45. Ra2 Bd1 46. Ra7 Be2
47. Ka5 Bd3 48. b4 Be2 49. b5 Bd3 50. b6 Nb8 51. Kb4 Na6+ 52. Kc3 Bb5 53. Rxf7
Be8 54. Rg7 Kc8 55. h3 Kd8 56. Ra7 Bb5 57. Ra8+ Kd7 58. Rg8 1-0

[Event "7. Wunsiedel Schach-Festival Meisterturn"]
[Site "Wunsiedel"]
[Date "2013.05.12"]
[Round "7.14"]
[White "Stips, Felix"]
[Black "Keller, Peter"]
[Result "1-0"]
[WhiteElo "2283"]
[BlackElo "2065"]
[PlyCount "77"]
[EventDate "2013.05.09"]

1. Nf3 d5 2. d4 Nf6 3. c4 c6 4. e3 a6 5. Bd3 Bg4 6. h3 Bxf3 7. Qxf3 e6 8. O-O
Bd6 9. Nc3 O-O 10. Rd1 Nbd7 11. b3 Qe7 12. Bb2 Rae8 13. Qe2 e5 14. cxd5 exd4
15. dxc6 Qe5 16. f4 Qa5 17. cxd7 Rxe3 18. Qc2 dxc3 19. Bxc3 Qc5 20. Bd4 Re1+
21. Rxe1 Qxd4+ 22. Qf2 Bc5 23. Qxd4 Bxd4+ 24. Kf1 Bxa1 25. Rxa1 Nxd7 26. Rc1
Rb8 27. Be4 b6 28. Rc7 Nc5 29. Bd5 Ne6 30. Ra7 a5 31. f5 Nd8 32. Ke2 Kf8 33.
Kd3 Rc8 34. a4 g6 35. f6 Ke8 36. Re7+ Kf8 37. Rd7 Ke8 38. Rd6 Rb8 39. Kc4 1-0

[Event "7. Wunsiedel Schach-Festival Meisterturn"]
[Site "Wunsiedel"]
[Date "2013.05.12"]
[Round "7.15"]
[White "Urban, Lars"]
[Black "Troyke, Christian"]
[Result "1/2-1/2"]
[WhiteElo "2126"]
[BlackElo "2326"]
[PlyCount "42"]
[EventDate "2013.05.09"]

1. d4 g6 2. c4 Bg7 3. Nc3 Nf6 4. e4 O-O 5. g3 d6 6. Bg2 e5 7. Nge2 exd4 8. Nxd4
Nbd7 9. O-O Re8 10. h3 a6 11. Re1 Rb8 12. Rb1 c5 13. Nc2 Ne5 14. b3 Nc6 15. a4
Nh5 16. Bb2 f5 17. exf5 Bxf5 18. Ne4 Bxb2 19. Rxb2 Bxe4 20. Bxe4 Qf6 21. Rb1
Ng7 1/2-1/2

[Event "7. Wunsiedel Schach-Festival Meisterturn"]
[Site "Wunsiedel"]
[Date "2013.05.12"]
[Round "7.16"]
[White "Bottema, Martin"]
[Black "Feldtmann, Thomas"]
[Result "1/2-1/2"]
[WhiteElo "2077"]
[BlackElo "2290"]
[PlyCount "35"]
[EventDate "2013.05.09"]

1. d4 Nf6 2. c4 e6 3. Nc3 Bb4 4. Qc2 O-O 5. a3 Bxc3+ 6. Qxc3 d5 7. Nf3 dxc4 8.
Qxc4 b6 9. Bg5 Ba6 10. Qa4 c5 11. dxc5 bxc5 12. Rc1 Qb6 13. Bxf6 gxf6 14. Rc2
c4 15. e3 Bb5 16. Qb4 Nc6 17. Qc3 Qa5 18. Nd2 1/2-1/2

[Event "7. Wunsiedel Schach-Festival Meisterturn"]
[Site "Wunsiedel"]
[Date "2013.05.12"]
[Round "7.17"]
[White "Pohl-Kuemmel, J."]
[Black "Kreyssig, Robert"]
[Result "1/2-1/2"]
[WhiteElo "2296"]
[BlackElo "2056"]
[PlyCount "60"]
[EventDate "2013.05.09"]

1. Nf3 Nf6 2. c4 c5 3. g3 d5 4. cxd5 Nxd5 5. Bg2 Nc6 6. Nc3 Nc7 7. d3 e5 8. O-O
Be7 9. Nd2 O-O 10. Nc4 f6 11. f4 exf4 12. gxf4 Be6 13. Ne3 f5 14. Kh1 Rb8 15.
b3 Qd4 16. Qd2 Bf6 17. Bb2 Qd7 18. Na4 b6 19. Nc4 Bd5 20. e4 Bxc4 21. bxc4 Bxb2
22. Nxb2 fxe4 23. Bxe4 Nd4 24. Rae1 Ne8 25. Nd1 Nf6 26. Bg2 Rbe8 27. Nc3 Qg4
28. Nd5 Qh4 29. Nxf6+ Qxf6 30. Be4 g6 1/2-1/2

[Event "7. Wunsiedel Schach-Festival Meisterturn"]
[Site "Wunsiedel"]
[Date "2013.05.12"]
[Round "7.18"]
[White "Röhl, Rainer"]
[Black "Rösemann, Rainer"]
[Result "1/2-1/2"]
[WhiteElo "2115"]
[BlackElo "2280"]
[PlyCount "102"]
[EventDate "2013.05.09"]

1. d4 Nf6 2. Bf4 e6 3. e3 b6 4. Be2 Bb7 5. Nf3 Be7 6. O-O Nh5 7. c4 O-O 8. Nc3
d6 9. Qc2 Nd7 10. Rad1 h6 11. Ne1 Nxf4 12. exf4 Bf6 13. Bf3 Bxf3 14. Nxf3 Re8
15. Rfe1 g6 16. g4 Bg7 17. g5 f5 18. h4 h5 19. Qa4 a6 20. Qc6 Kf7 21. Re2 Kg8
22. Kg2 Kf7 23. Kg3 Ra7 24. d5 e5 25. fxe5 Bxe5+ 26. Nxe5+ Rxe5 27. f4 Rxe2 28.
Nxe2 Qe7 29. Kf2 Nc5 30. Nc3 a5 31. Rd2 Qe8 32. Qxe8+ Kxe8 33. Re2+ Kd7 34. Nb5
Ra8 35. Nd4 Re8 36. Rxe8 Kxe8 37. Ke3 Ke7 38. b3 Ne4 39. a4 Nc5 40. Kd2 Ne4+
41. Ke3 Nc5 42. Kd2 Na6 43. Nc6+ Kd7 44. Ke3 Ke8 45. Kd2 Nb4 46. Nxb4 axb4 47.
Kd3 Kd7 48. Ke3 c6 49. dxc6+ Kxc6 50. Kd4 Kc7 51. Kd3 Kd7 1/2-1/2

[Event "7. Wunsiedel Schach-Festival Meisterturn"]
[Site "Wunsiedel"]
[Date "2013.05.12"]
[Round "7.19"]
[White "Bartsch, Berthold"]
[Black "Schulz, Lukas"]
[Result "1/2-1/2"]
[WhiteElo "2257"]
[BlackElo "1887"]
[PlyCount "62"]
[EventDate "2013.05.09"]

1. Nc3 d5 2. e4 d4 3. Nce2 d3 4. cxd3 c5 5. b4 e5 6. Bb2 Nc6 7. b5 Nd4 8. Nxd4
cxd4 9. f4 exf4 10. Nf3 Bg4 11. Be2 Bc5 12. Qa4 Ne7 13. Rc1 b6 14. Rc4 Ng6 15.
Bxd4 Bxf3 16. Bxf3 Qh4+ 17. Ke2 Bxd4 18. Rxd4 O-O 19. Rd5 Rad8 20. Rxd8 Rxd8
21. Qxa7 Qf6 22. Qc7 Ne5 23. Rc1 Nxd3 24. Rc6 Qd4 25. Qxb6 Nc1+ 26. Kf1 Qd3+
27. Kg1 Nxa2 28. h3 h6 29. Qc5 Qxd2 30. b6 Nb4 31. Rc8 Qe1+ 1/2-1/2

[Event "7. Wunsiedel Schach-Festival Meisterturn"]
[Site "Wunsiedel"]
[Date "2013.05.12"]
[Round "7.20"]
[White "Kirschneck, Toralf"]
[Black "Schmid, Roland"]
[Result "0-1"]
[WhiteElo "2041"]
[BlackElo "2241"]
[PlyCount "64"]
[EventDate "2013.05.09"]

1. d4 e6 2. g3 f5 3. Bg2 Nf6 4. Nf3 d5 5. Bg5 Bd6 6. Ne5 O-O 7. O-O c5 8. e3
Nc6 9. Nxc6 bxc6 10. c4 Ba6 11. Re1 Bxc4 12. Nd2 Bb5 13. Qc2 c4 14. b3 cxb3 15.
axb3 Qe8 16. Bxf6 Rxf6 17. Bf1 Rf7 18. Bxb5 cxb5 19. Ra6 Rc7 20. Qa2 Bb4 21.
Rd1 Rac8 22. Nf3 Rc2 23. Qa1 Qh5 24. Kg2 Rxf2+ 25. Kxf2 Rc2+ 26. Rd2 Bxd2 27.
Qd1 Rb2 28. Rxa7 h6 29. Ra1 Bc1+ 30. Ke1 Bxe3 31. Ra8+ Kh7 32. Rc8 Bf2+ 0-1